LIBRARY & INFORMATION CENTRE, KCAET, TAVANUR

ONLINE PUBLIC ACCESS CATALOGUE (OPAC)

Kerala bhashayude vikasa parinamangal, Part 1 / (Record no. 5228)

MARC details
000 -LEADER
fixed length control field 00477cam a2200169ua 4500
041 ## - LANGUAGE CODE
Language code of text/sound track or separate title mal
082 ## - DEWEY DECIMAL CLASSIFICATION NUMBER
Classification number 894.8123
Item number KUN/KE
100 ## - MAIN ENTRY--AUTHOR NAME
Personal name Kunjan Pillai, Elamkulam .
245 ## - TITLE STATEMENT
Title Kerala bhashayude vikasa parinamangal, Part 1 /
260 ## - PUBLICATION, DISTRIBUTION, ETC. (IMPRINT)
Place of publication Kottayam :
Name of publisher Sahitya Pravarthaka Co-operative Society ,
Year of publication 1994.
300 ## - PHYSICAL DESCRIPTION
Number of Pages 203 ; .
942 ## - ADDED ENTRY ELEMENTS (KOHA)
Koha item type Books
Holdings
Withdrawn status Lost status Damaged status Home library Current library Date acquired Source of acquisition Full call number Accession Number Koha item type
Withdrawn     KAUAET KAUAET 07/04/2012 3.00 894.8123 101 Books
free website counter